Classical Music- All E's - Statistics

General Stats
  • This quiz has been taken 231 times
  • The average score is 8 of 13
Answer Stats
% Correct
Composer of Pomp and Cicumstance marches Elgar
89%
A technical study etude
88%
Key signature of Chopin's Etude Opus 10 #3 E major
83%
An "extra" piece played at the end of a program in response to the applause of the audience encore
79%
Nickname of Beethoven's 3rd Symphony Eroica
79%
General term for a small group of performers ensemble
69%
First section of a composition in sonata form exposition
61%
Misnamed member of the woodwind family of instruments English horn
56%
Term for notes which are the same pitch but spelled differently, for example F# and Gb enharmonic
54%
Most ambitious composition of above composer Enigma Variations
49%
Nickname of Beethoven's piano concerto, Opus 73 Emperor
43%
General term for ornamentation embellishment
25%
A "Scotch" dance which was actually a popular English country dance in the early 19th century ecossaise
15%
No matching quizzes found
Score Distribution
Percent of People with Each Score
Percentile by Number Answered
Your Score History
You have not taken this quiz